|
|
|
|
| LEADER |
01011nam a2200277 4500 |
| 001 |
DLU210196076 |
| 005 |
##20210415 |
| 040 |
# |
# |
|a DLU
|b vie
|
| 041 |
# |
# |
|a vie
|
| 044 |
# |
# |
|a vn
|
| 100 |
# |
# |
|a Vũ Dương Huân.
|
| 245 |
# |
# |
|a Thành công, hạn chế và giải pháp thúc đẩy đối tác hợp tác chiến lược toàn diện Việt - Nga /
|c Vũ Dương Huân.
|
| 653 |
# |
# |
|a Đối tác hợp tác chiến lược toàn diện
|
| 653 |
# |
# |
|a Hạn chế
|
| 653 |
# |
# |
|a Hợp tác kinh tế thương mại
|
| 653 |
# |
# |
|a Quan hệ Việt - Nga
|
| 653 |
# |
# |
|a Thành công
|
| 773 |
# |
# |
|t Nghiên cứu quốc tế
|g Số 4(119), 2019, tr. 31-54
|
| 920 |
# |
# |
|a Phòng Tạp chí -- Trung tâm Thông tin - Thư viện Trường Đại học Đà Lạt
|
| 900 |
# |
# |
|a True
|
| 911 |
# |
# |
|a Nguyễn Thị Thu Phương
|
| 925 |
# |
# |
|a G
|
| 926 |
# |
# |
|a A
|
| 927 |
# |
# |
|a BB
|
| 980 |
# |
# |
|a Thư viện Trường Đại học Đà Lạt
|